| 000 | 01085nam a22003371i 4500 | ||
|---|---|---|---|
| 001 | 015817461 | ||
| 003 | EG-ScBUE | ||
| 005 | 20230516115309.0 | ||
| 008 | 110524s2011 enka f d 001 0 eng d | ||
| 020 | _a9781849940047 (pbk.) | ||
| 020 | _a1849940045 (pbk.) | ||
| 040 |
_aStDuBDS _beng _erda _cStDuBDS _dUk _dEG-ScBUE |
||
| 082 | 0 | 4 |
_a746.60285 _222 _bTAL |
| 100 | 1 |
_aTallon, Kevin, _eauthor. |
|
| 245 | 1 | 0 |
_aDigital fashion print / _cKevin Tallon. |
| 264 | 1 |
_aLondon : _bBatsford, _c2011. |
|
| 300 |
_a176 pages : _bcolor illustrations ; _c25 cm |
||
| 336 |
_atext _2rdacontent _btxt |
||
| 337 |
_aunmediated _2rdamedia _bn |
||
| 338 |
_avolume _2rdacarrier _bnc |
||
| 500 | _aIncludes glossary. | ||
| 500 | _aIncludes index. | ||
| 630 | 0 | 7 |
_aAdobe Photoshop. _2BUEsh |
| 630 | 0 | 7 |
_aAdobe Illustrator (Computer file) _2BUEsh |
| 650 | 7 |
_aTextile fabrics _xDesign _xData processing. _2BUEsh |
|
| 650 | 7 |
_aTextile printing _xData processing. _2BUEsh |
|
| 650 | 7 |
_aPhotography _xDigital techniques. _2BUEsh |
|
| 653 |
_bART _cMay2023 |
||
| 655 | _vReading book | ||
| 942 |
_2ddc _cBB |
||
| 999 |
_c30415 _d30386 |
||